<?xml version="1.0" encoding="UTF-8"?>
<record
    xmlns:xsi="http://www.w3.org/2001/XMLSchema-instance"
    xsi:schemaLocation="http://www.loc.gov/MARC21/slim http://www.loc.gov/standards/marcxml/schema/MARC21slim.xsd"
    xmlns="http://www.loc.gov/MARC21/slim">

  <leader>00888nam a22001577a 4500</leader>
  <controlfield tag="008">120803t        xxu||||| |||| 00| 0 eng d</controlfield>
  <datafield tag="020" ind1=" " ind2=" ">
    <subfield code="a">0072253703</subfield>
  </datafield>
  <datafield tag="050" ind1=" " ind2=" ">
    <subfield code="a">QA76.73.C153.K33</subfield>
  </datafield>
  <datafield tag="100" ind1=" " ind2=" ">
    <subfield code="a">Kent, Jeff</subfield>
  </datafield>
  <datafield tag="245" ind1=" " ind2=" ">
    <subfield code="a">C++ demystified. /</subfield>
    <subfield code="c">Jeff, Kent</subfield>
  </datafield>
  <datafield tag="260" ind1=" " ind2=" ">
    <subfield code="a">New York:</subfield>
    <subfield code="b">Mcgraw-hill,</subfield>
    <subfield code="c">2004.</subfield>
  </datafield>
  <datafield tag="300" ind1=" " ind2=" ">
    <subfield code="a">xviii,348 p.:</subfield>
    <subfield code="c">24cm.</subfield>
  </datafield>
  <datafield tag="505" ind1=" " ind2=" ">
    <subfield code="a">Contents: How a c++ program works -- Memory and data types -- Variables -- Arithmetic operators -- Making decisions: if and swith stataments -- Nested if statments and logical operators -- The For loop -- While and do while loops -- Functions -- Arrays -- What's the address? Pointers  -- Character, c-string and c++ string class functions -- Persistent data: file input and output -- The Road ahead: structures and classes -- Final exam -- Answers to quizzes and final exam.</subfield>
  </datafield>
  <datafield tag="650" ind1=" " ind2=" ">
    <subfield code="a">C++ (Computer program language)</subfield>
  </datafield>
  <datafield tag="942" ind1=" " ind2=" ">
    <subfield code="2">lcc</subfield>
    <subfield code="c">BK</subfield>
  </datafield>
  <datafield tag="999" ind1=" " ind2=" ">
    <subfield code="c">1915</subfield>
    <subfield code="d">9415</subfield>
  </datafield>
  <datafield tag="952" ind1=" " ind2=" ">
    <subfield code="0">0</subfield>
    <subfield code="1">0</subfield>
    <subfield code="2">lcc</subfield>
    <subfield code="4">0</subfield>
    <subfield code="7">0</subfield>
    <subfield code="a">WIUC-1</subfield>
    <subfield code="b">WIUC-1</subfield>
    <subfield code="c">GEN</subfield>
    <subfield code="d">2012-08-03</subfield>
    <subfield code="l">0</subfield>
    <subfield code="o">QA76.73.C153.K33</subfield>
    <subfield code="p">5249/12</subfield>
    <subfield code="r">2012-08-03 00:00:00</subfield>
    <subfield code="t">1</subfield>
    <subfield code="w">2012-08-03</subfield>
    <subfield code="y">BK</subfield>
  </datafield>
  <datafield tag="952" ind1=" " ind2=" ">
    <subfield code="0">0</subfield>
    <subfield code="1">0</subfield>
    <subfield code="2">lcc</subfield>
    <subfield code="4">0</subfield>
    <subfield code="7">0</subfield>
    <subfield code="a">WIUC-1</subfield>
    <subfield code="b">WIUC-1</subfield>
    <subfield code="c">GEN</subfield>
    <subfield code="d">2012-08-03</subfield>
    <subfield code="l">0</subfield>
    <subfield code="o">QA76.73.C153.K331</subfield>
    <subfield code="p">5250/12</subfield>
    <subfield code="r">2012-08-03 00:00:00</subfield>
    <subfield code="t">2</subfield>
    <subfield code="w">2012-08-03</subfield>
    <subfield code="y">BK</subfield>
  </datafield>
</record>
